000 00653nam a22002057a 4500
003 OSt
005 20230630065722.0
008 230630b |||||||| |||| 00| 0 eng d
020 _a9789966564337
040 _cNIRUC
050 _aDT433.562
_b.M33
100 _aMbaya, Boaz K.
245 _aKenya's Foreign Policy and Diplomacy :
_bevolution, challenges and opportunities /
_cBoaz K. Mbaya.
260 _aNairobi
_bEast African Educational Publishers
_c2019
300 _axxxiv, 213 p.
_bill.
504 _aIncludes bibliographical references
651 _a Kenya
_xForeign relations
651 _aKenya
_xPolitics and government
942 _2lcc
_cBK
_n0
999 _c369
_d369